000 00394nam a22001697a 4500
005 20180417111053.0
008 160517b xxu||||| |||| 00| 0 eng d
020 _a81-7446-367-4
041 _aeng
082 _b2631
_a346.07
100 _aS.S.Gulshan
_9721
245 _aMercantile Law
260 _aNew Delhi
_bExcel Books,
_c2001
300 _a743
650 _aManagement
_9241
942 _cBK
999 _c962
_d962